| 000 | 00509nam a2200193Ia 4500 | ||
|---|---|---|---|
| 003 | 0100 | ||
| 005 | 20141106121857.0 | ||
| 008 | 130303s9999 xx 000 0 und d | ||
| 040 | _cARRUPELIB | ||
| 050 | _aDC16.S265M65 1994 | ||
| 100 |
_aMoore, Walter _912445 |
||
| 245 | 2 | _aA Life of Erwin Schrodinger | |
| 260 | _aCambridge | ||
| 260 | _bCambridge UP | ||
| 300 | _a349p | ||
| 600 |
_aSchrodinger, Erwin _y1887-1961 _912446 |
||
| 650 |
_aPhysicists _xBiography _zAustria _912447 |
||
| 942 |
_2lcc _cMONOGRAPH |
||
| 999 |
_c18727 _d18727 |
||